| 000 | 00538nam a2200145 i 4500 | ||
|---|---|---|---|
| 001 | 57153 | ||
| 003 | ES-MaACL | ||
| 007 | t| | ||
| 008 | 031015m19021911sp ||||1| spa d | ||
| 245 | 0 | 0 |
_aSanidad nacional _b: disposiciones oficiales emanadas del Ministerio de la Gobernación, Dirección General de Sanidad durante el año 1901. |
| 260 |
_a[S.l. : _bs.n., _c1902-11] ( _eMadrid : _fE. Teodoro) |
||
| 300 |
_a9 v. ; _c23 cm. |
||
| 505 | 8 | _aContiene: Años: 1901-1904-1905-1906-1907-1908-1909-1910-1911 | |
| 852 |
_aES-MaACL _jG-14070-14078 |
||
| 999 |
_c57153 _d57153 |
||